Thesis Open Access
Dagnew Negasa
<?xml version='1.0' encoding='UTF-8'?>
<record xmlns="http://www.loc.gov/MARC21/slim">
<leader>00000nam##2200000uu#4500</leader>
<controlfield tag="005">20241202094923.0</controlfield>
<controlfield tag="001">4486</controlfield>
<datafield tag="856" ind1="4" ind2=" ">
<subfield code="s">647925</subfield>
<subfield code="z">md5:d45cbd5fd89e1d88df48cadeabb670f7</subfield>
<subfield code="u">https://zenodo.org/record/4486/files/f1042664640.pdf</subfield>
</datafield>
<datafield tag="542" ind1=" " ind2=" ">
<subfield code="l">open</subfield>
</datafield>
<datafield tag="260" ind1=" " ind2=" ">
<subfield code="c">2014-09-01</subfield>
</datafield>
<datafield tag="909" ind1="C" ind2="O">
<subfield code="p">user-aau</subfield>
<subfield code="p">user-zenodo</subfield>
<subfield code="o">oai:zenodo.org:4486</subfield>
</datafield>
<datafield tag="100" ind1=" " ind2=" ">
<subfield code="a">Dagnew Negasa</subfield>
</datafield>
<datafield tag="245" ind1=" " ind2=" ">
<subfield code="a">ENHANCING UNIT VALUE REALIZATION OF HAIR SHEEP SKIN- AN ASSESSMENT OF CHANGES BETWEEN BUTT AND BELLY REGIONS AND ITS VALUE ADDITION USING COLLAGEN HYDROLYSATE</subfield>
</datafield>
<datafield tag="980" ind1=" " ind2=" ">
<subfield code="a">user-aau</subfield>
</datafield>
<datafield tag="980" ind1=" " ind2=" ">
<subfield code="a">user-zenodo</subfield>
</datafield>
<datafield tag="540" ind1=" " ind2=" ">
<subfield code="u">http://www.opendefinition.org/licenses/cc-by</subfield>
<subfield code="a">Creative Commons Attribution</subfield>
</datafield>
<datafield tag="650" ind1="1" ind2="7">
<subfield code="a">cc-by</subfield>
<subfield code="2">opendefinition.org</subfield>
</datafield>
<datafield tag="520" ind1=" " ind2=" ">
<subfield code="a"><p>Skin will undergo changes in biochemical and biophysical properties during leather processing.<br>
Biochemical composition varies with respect to different regions of the skin like butt, belly,<br>
and neck. Supported with the nature of structure and chemical constituents of the skin, leather<br>
processing chemicals do have different propensity to different parts of the skin. Belly region&rsquo;s<br>
looseness and substance non-uniformity are the main problem in leather making from sheep<br>
skin (SS) particularly for shoe upper. Having a back with the leather processing practice and<br>
statistical data, an exuberant substance non-uniformity for sheep shoe upper is still recurrent in<br>
our country&rsquo;s context. To address same issue, this work focusses on the analysis of histology<br>
and biochemical properties of butt and belly portion of hair sheep skin besides the investigation<br>
of application collagen hydrolysate on the value addition of dyed crust leather and emission<br>
load during pre-tanning.<br>
Globular proteins are relatively higher in the butt region than the belly, whereas it is reverse in<br>
the case of fibrous proteins except collagen. Interestingly, the presence of proteoglycans<br>
content in butt regions is significantly high compared to belly and in case of fat it is reverse.<br>
Thus, the effect of liming and bating operations in removing unwanted skin constituents is<br>
stronger in butt and belly regions of SS, respectively, which reflects the requisite importance<br>
of the two unit operations in the pre-tanning operations. ASC contribution is higher in butt<br>
region than belly and the reverse is true in the case of PSC. The overall collagen content is<br>
considerably higher in butt than belly which may be the major cause of the higher strength<br>
characteristics of butt regions. Cr2O3</p></subfield>
</datafield>
<datafield tag="773" ind1=" " ind2=" ">
<subfield code="n">doi</subfield>
<subfield code="i">isVersionOf</subfield>
<subfield code="a">10.20372/nadre:4485</subfield>
</datafield>
<datafield tag="024" ind1=" " ind2=" ">
<subfield code="a">10.20372/nadre:4486</subfield>
<subfield code="2">doi</subfield>
</datafield>
<datafield tag="980" ind1=" " ind2=" ">
<subfield code="a">publication</subfield>
<subfield code="b">thesis</subfield>
</datafield>
</record>
| All versions | This version | |
|---|---|---|
| Views | 0 | 0 |
| Downloads | 0 | 0 |
| Data volume | 0 Bytes | 0 Bytes |
| Unique views | 0 | 0 |
| Unique downloads | 0 | 0 |